000 00722nam a2200229 i 4500
001 bg
100 1 _aGRANDEK, Karol
245 0 _aMikroprocesorowe sterowniki programowalne /
_cKarol Grandek, Ryszard Rojek.
260 _aOpole :
_bWSI,
_c1991.
300 _a108 s. :
_bfot., rys. ;
_c24 cm.
490 1 _aSkrypt Uczelniany. Wyższa Szkoła Inżynierska w Opolu,
_x0860-9004 ;
_vnr 142
504 _aBibliogr. s. 107-108.
650 9 _aSterowniki
650 9 _aMikroprocesor
700 1 _aROJEK, Ryszard
830 0 _aSkrypt Uczelniany.
_pWyższa Szkoła Inżynierska w Opolu
040 _cBPK
041 _apol
080 _a62-5:681.5:681.322](075.8)
942 _cKS
008 s pl f |000 0 pol
999 _c4737
_d4737
856 _uhttp://koha.tu.koszalin.pl/cgi-bin/koha/opac-detail.pl?biblionumber=4737
_yKatalog online BPK